[Event "Ricany op-B"]
[Site "Ricany"]
[Date "2008.08.29"]
[Round "8"]
[White "Blumel, Michal"]
[Black "Franc, Ondrej"]
[Result "1-0"]
[WhiteElo "1675"]
[BlackElo "1598"]
[PlyCount "59"]
[EventDate "2008.08.23"]
[EventType "swiss"]
[EventRounds "9"]
[EventCountry "CZE"]
[SourceTitle "CBM 126 Extra"]
[Source "ChessBase"]
[SourceDate "2008.11.05"]
[SourceVersion "1"]
[SourceVersionDate "2008.11.05"]
[SourceQuality "1"]

1. e4 e5 2. Nf3 Nc6 3. Bc4 Nf6 4. Ng5 d5 5. exd5 Na5 6. Bb5+ c6 7. dxc6 bxc6 8. Qf3 Bb7 9. Ba4 Qc7 10. 0-0 Bd6 11. d3 0-0 12. Ne4 Nxe4 13. dxe4 c5 14. Nc3 Nc6 15. Be3 a6 16. Nd5 Nd4 17. Bxd4 Bxd5 18. Bxc5 Qxc5 19. exd5 f5 20. Qe3 Qxe3 21. fxe3 Bc5 22. Rfe1 f4 23. Kh1 Bxe3 24. d6 Rfd8 25. d7 Ra7 26. Rad1 Kf7 27. c4 Bd4 28. c5 Rdxd7 29. Bxd7 Rxd7 30. Rxe5 1-0

[Event "Ricany op-B"]
[Site "Ricany"]
[Date "2008.08.28"]
[Round "7"]
[White "Klima, Jan"]
[Black "Blumel, Michal"]
[Result "1-0"]
[WhiteElo "1667"]
[BlackElo "1675"]
[PlyCount "119"]
[EventDate "2008.08.23"]
[EventType "swiss"]
[EventRounds "9"]
[EventCountry "CZE"]
[SourceTitle "CBM 126 Extra"]
[Source "ChessBase"]
[SourceDate "2008.11.05"]
[SourceVersion "1"]
[SourceVersionDate "2008.11.05"]
[SourceQuality "1"]

1. e4 e5 2. Nf3 Nc6 3. Bb5 Bc5 4. c3 Nge7 5. d4 exd4 6. cxd4 Bb4+ 7. Nc3 d5 8. 0-0 Bxc3 9. bxc3 dxe4 10. Ne5 0-0 11. Ba3 Nxe5 12. dxe5 Qxd1 13. Rfxd1 Bg4 14. Rd4 c6 15. Bxe7 Rfe8 16. Bxc6 bxc6 17. Bd6 f5 18. Rb1 Be2 19. Rb2 Bd3 20. Rb7 Ba6 21. Rd7 Red8 22. e6 Re8 23. Be5 Rxe6 24. Rxg7+ Kf8 25. Rxh7 Rae8 26. Bf4 R8e7 27. Rd8+ Re8 28. Rh8+ Kf7 29. Rd7+ R8e7 30. Rdd8 Bc4 31. Rdf8+ Kg7 32. h4 Bxa2 33. h5 Rf6 34. h6+ Kg6 35. Rxf6+ Kxf6 36. Rd8 Be6 37. Rd6 c5 38. Rc6 c4 39. Be3 Kg6 40. Rd6 Kf7 41. Kh2 Re8 42. Ra6 Re7 43. Kg3 Bc8 44. Rc6 Be6 45. Kh4 Kg6 46. g3 a5 47. Ra6 Re8 48. Rxa5 Bf7 49. Ra7 Rf8 50. Ra6+ Kh7 51. Bd4 Re8 52. Kg5 Rf8 53. Ra7 Kg8 54. Bg7 Re8 55. Kxf5 e3 56. fxe3 Rxe3 57. Ra8+ Be8 58. Rxe8+ Rxe8 59. Kg6 Re6+ 60. Bf6 1-0

[Event "Ricany op-B"]
[Site "Ricany"]
[Date "2008.08.24"]
[Round "3"]
[White "Blumel, Michal"]
[Black "Fojtu, Tomas"]
[Result "1-0"]
[WhiteElo "1675"]
[BlackElo "1603"]
[PlyCount "41"]
[EventDate "2008.08.23"]
[EventType "swiss"]
[EventRounds "9"]
[EventCountry "CZE"]
[SourceTitle "CBM 126 Extra"]
[Source "ChessBase"]
[SourceDate "2008.11.05"]
[SourceVersion "1"]
[SourceVersionDate "2008.11.05"]
[SourceQuality "1"]

1. e4 d6 2. d4 Nf6 3. Nc3 g6 4. Nf3 Bg7 5. a3 a6 6. Be3 b5 7. h3 0-0 8. Qd2 Ne8 9. Bh6 f5 10. Bxg7 Kxg7 11. 0-0-0 e6 12. h4 Nf6 13. e5 Nh5 14. Ne2 f4 15. d5 dxe5 16. Nxe5 Rf5 17. Qc3 Kg8 18. dxe6 Qe7 19. Ng4 Qg7 20. Rd8+ Rf8 21. e7 1-0